000
00237nam a2200097Ia 4500
001
707025
005
20250826162500.0
008
250824s9999 xx 000 0 und d
245
0
_a
CAFER EFE
_c
İSMAİL BİLGİN
260
_b
TİMAŞ YAYINLARI
999
_c
707025
_d
707025